Clinical chemistry: (Record no. 173)
[ view plain ]
| 000 -LEADER | |
|---|---|
| fixed length control field | 00613nam a22002177a 4500 |
| 003 - CONTROL NUMBER IDENTIFIER | |
| control field | OSt |
| 005 - DATE AND TIME OF LATEST TRANSACTION | |
| control field | 20140710183923.0 |
| 008 - FIXED-LENGTH DATA ELEMENTS--GENERAL INFORMATION | |
| fixed length control field | 140710b xxu||||| |||| 00| 0 eng d |
| 020 ## - INTERNATIONAL STANDARD BOOK NUMBER | |
| International Standard Book Number | 0323017169 |
| 040 ## - CATALOGING SOURCE | |
| Transcribing agency | DNLM |
| 082 ## - DEWEY DECIMAL CLASSIFICATION NUMBER | |
| Classification number | QY90 K143c 2003 |
| Item number | L |
| 100 ## - MAIN ENTRY--PERSONAL NAME | |
| Personal name | Kaplan Lawrence A. |
| 9 (RLIN) | 454 |
| 245 ## - TITLE STATEMENT | |
| Title | Clinical chemistry: |
| Remainder of title | theory, analysis, correlation |
| 250 ## - EDITION STATEMENT | |
| Edition statement | 4th ed. |
| 260 ## - PUBLICATION, DISTRIBUTION, ETC. (IMPRINT) | |
| Place of publication, distribution, etc. | London: |
| Name of publisher, distributor, etc. | Mosby |
| Date of publication, distribution, etc. | 2003 |
| 300 ## - PHYSICAL DESCRIPTION | |
| Extent | xvi,1179p; |
| Other physical details | ill |
| Dimensions | 28cm |
| 504 ## - BIBLIOGRAPHY, ETC. NOTE | |
| Bibliography, etc | Bibliographies, index included. |
| 650 ## - SUBJECT ADDED ENTRY--TOPICAL TERM | |
| Topical term or geographic name as entry element | Clinical chemistry |
| 9 (RLIN) | 428 |
| 700 ## - ADDED ENTRY--PERSONAL NAME | |
| Personal name | Pesce Amadeo J., Kazmierczak Steven C. |
| 9 (RLIN) | 455 |
| 942 ## - ADDED ENTRY ELEMENTS (KOHA) | |
| Source of classification or shelving scheme | Other/Generic Classification Scheme |
| Koha item type | Open Shelf |
| Withdrawn status | Lost status | Source of classification or shelving scheme | Damaged status | Not for loan | Home library | Current library | Date acquired | Source of acquisition | Inventory number | Total Checkouts | Full call number | Barcode | Date last seen | Price effective from | Koha item type | Date last checked out |
|---|---|---|---|---|---|---|---|---|---|---|---|---|---|---|---|---|
| Other/Generic Classification Scheme | MUST Main Library | MUST Main Library | 10/07/2014 | 03/19028 | QY90 K143c 2003 L | 2014-0558 | 10/07/2014 | 10/07/2014 | Open Shelf | |||||||
| Other/Generic Classification Scheme | MUST Main Library | MUST Main Library | 10/07/2014 | 03/19029 | 1 | QY90 K143c 2003 L | 2014-0559 | 03/11/2021 | Open Shelf | 16/09/2019 | ||||||
| Other/Generic Classification Scheme | MUST Main Library | MUST Main Library | 10/07/2014 | 03/19033 | QY90 K143c 2003 L | 2014-0560 | 10/07/2014 | Open Shelf | ||||||||
| Other/Generic Classification Scheme | MUST Main Library | MUST Main Library | 17/07/2014 | 03/19032 | QY90 K143c 2003 L | 2014-1129 | 17/07/2014 | 17/07/2014 | Open Shelf | |||||||
| Other/Generic Classification Scheme | MUST Main Library | MUST Main Library | 24/06/2016 | Purchase | 03/19028 | 1 | QY90 K143c 2003 L | 2016-2688 | 30/09/2022 | Open Shelf | 18/09/2019 |
